National Parks In Missouri - Statistics

General Stats
  • This quiz has been taken 3 times
  • The average score is 2 of 7
Answer Stats
Type Answer % Correct
NP Gateway Arch
100%
NSR Ozark
50%
NM George Washington Carver
0%
NHS Harry S Truman
0%
NHP Ste. Genevieve
0%
NHS Ulysses S. Grant
0%
NB Wilson's Creek
0%
No matching quizzes found
Score Distribution
Percent of People with Each Score
Percentile by Number Answered
Your Score History
You have not taken this quiz